Kio ku mit︠s︡u! : Sovershenno sekretno - pri opasnosti szhechʹ. Roman-khronika [o R. Sorge.

Bibliographic Details
Main Author: Korolʹkov, I︠U︡riĭ, 1906-1981
Format: Book
Language:Russian
Published: Moskva : "Sov. pisatelʹ", 1972]
Subjects:

MARC

Tag First Indicator Second Indicator Subfields
LEADER 00000cam a2200000M 4500
001 in00001609331
005 20151023052409.0
008 910725s1972 ru c 000 1 rusr
010 |a  72353669  
035 |a (OCoLC)ocm24390540 
040 |a DLC  |c BNG  |d TXA  |d UtOrBLW 
049 |a TXAM 
050 0 0 |a PG3476.K635  |b K5 1972 
100 1 |a Korolʹkov, I︠U︡riĭ,  |d 1906-1981. 
245 1 0 |a Kio ku mit︠s︡u! :  |b Sovershenno sekretno - pri opasnosti szhechʹ. Roman-khronika [o R. Sorge. 
264 1 |a Moskva :  |b "Sov. pisatelʹ",  |c 1972] 
300 |a 639 pages :  |b with portrait ;  |c 21 cm. 
336 |a text  |b txt  |2 rdacontent 
337 |a unmediated  |b n  |2 rdamedia 
338 |a volume  |b nc  |2 rdacarrier 
600 1 0 |a Sorge, Richard,  |d 1895-1944  |x Fiction. 
994 |a E0  |b TXA 
948 |a cataloged  |b h  |c 2001/5/3  |d c  |e tchubaryan  |f 9:51:16 am 
999 |a MARS 
999 f f |s 1d1a9c6c-e5c5-3e87-b9a8-09031fbca20b  |i cc19e994-bd95-336f-b8a2-c51a76b9abfd  |t 0 
952 f f |p ric  |a Texas A&M University  |b Rellis Campus  |c Joint Library Facility  |d Remote Storage  |t 0  |e PG3476.K635 K5 1972  |h Library of Congress classification  |i unmediated -- volume  |m A14827455964 
998 f f |a PG3476.K635 K5 1972  |t 0  |l Remote Storage